Jedi: Fallen Order - Multiple Choice Trivia - Statistics

General Stats
  • This quiz has been taken 208 times
  • The average score is 10 of 15
Answer Stats
Question Answer % Correct
What Jedi Master leaves holograms across the galaxy to guide Cal Kestis? Eno Cordova
94%
Who is the fallen Jedi who resides on Dathomir? Taron Malicos
87%
Choose the answer that contains one or more Imperial troopers that did not appear in Jedi: Fallen Order. Death trooper, shoretrooper, purge trooper captain
82%
What walker does Cal combat when coming back from his journey on Zeffo? AT-ST
81%
What Kashyyyk animals uncannily resemble giant spiders in appearance and behavior? Wyyyschokk
81%
In his battle with the Second Sister on Zeffo, who saves Cal? BD-1
77%
What is the Second Sister, Trilla's, last name? Suduri
73%
What tree does Cal climb to reach Cordova's message that instructs him where to find the Zeffo Astrium? Tree of Origin
73%
When Cal breaks his lightsaber into two different parts, what is it known as? Split saber
71%
Which of the following is NOT a Haxion Brood bounty hunter? IG-88
63%
What is the final line of the video game? So, where to now?
63%
The second tomb Cal comes across is for which Zeffo Sage? Miktrull
56%
On what planet is Cal trapped in an underground prison? Ordo Eris
45%
What is the name of Greez Dritus's ship? Stinger Mantis
35%
What species is Prauf, Cal's friend on Bracca? Abednedo
32%
No matching quizzes found
Score Distribution
Percent of People with Each Score
Percentile by Number Answered
Your Score History
You have not taken this quiz